Il Matrimonio segreto : melodramma giocoso in due atti (Registro nro. 172084)

Detalles MARC
000 -LEADER
campo de control de longitud fija 00905nam a2200229 i 4500
001 - NÚMERO DE CONTROL
campo de control 172084
003 - IDENTIFICADOR DE NÚMERO DE CONTROL
campo de control ES-MaACL
005 - FECHA Y HORA DE LA ÚLTIMA TRANSACCIÓN
campo de control 20230906214819.0
008 - DATOS DE LONGITUD FIJA--INFORMACIÓN GENERAL
campo de control de longitud fija 090612s1984 fr |||| | fre d
080 ## - NÚMERO DE LA CLASIFICACIÓN DECIMAL UNIVERSAL
Número de la Clasificación Decimal Universal 782.6
100 1# - ENTRADA PRINCIPAL--NOMBRE DE PERSONA
Nombre de persona Bertati, Giovanni.
9 (RLIN) 140669
245 13 - MENCIÓN DEL TÍTULO
Título Il Matrimonio segreto : melodramma giocoso in due atti
Resto del título = Le Mariage secret : opéra bouffe en deux actes /
Mención de responsabilidad, etc. musique de Domenico Cimarosa (1749-1801) ; livret de Giovanni Bertati ; traduction française de Marie-Anne Mollaret.
246 11 - FORMA VARIANTE DEL TITULO
Título propio/Titulo breve Le Mariage secret
260 ## - PUBLICACIÓN, DISTRIBUCIÓN, ETC.
Lugar de publicación, distribución, etc. Paris :
Nombre del editor, distribuidor, etc. Gérard Billaudot,
Fecha de publicación, distribución, etc. 1984.
300 ## - DESCRIPCIÓN FÍSICA
Extensión 167 p. ;
Dimensiones 18 cm.
490 1# - MENCIÓN DE SERIE
Mención de serie Opéra de Paris. Bilingue
650 #4 - PUNTO DE ACCESO ADICIONAL DE MATERIA--TÉRMINO DE MATERIA
Término de materia o nombre geográfico como elemento de entrada Operetas-
Subdivisión de forma Libretos.
9 (RLIN) 139352
700 1# - ENTRADA AGREGADA--NOMBRE PERSONAL
Nombre de persona Cimarosa, Domenico.
9 (RLIN) 140670
830 0# - PUNTO DE ACCESO ADICIONAL DE SERIE-TÍTULO UNIFORME
Título uniforme Opéra de Paris. Bilingue
9 (RLIN) 189043
852 4# - LOCALIZACIÓN
Ubicación ES-MaACL
Número de control de estantería E-12709
itemnumber R.190304
Nota libre . - Biblioteca Jacinto Martínez Lacalle
Existencias
Estatus retirado Estado de pérdida Estado de daño No para préstamo Biblioteca de origen Biblioteca actual Ubicación en estantería Fecha de adquisición Fuente de adquisición Total de préstamos Signatura topográfica completa Código de barras Visto por última vez Precio de reemplazo Tipo de ítem Koha
        Biblioteca del Ateneo de Madrid Biblioteca del Ateneo de Madrid Depósito 2 12/06/2009     E-12709 1180590 23/02/2023 23/02/2023 Libro impreso